| 000 | 00861cab a2200241 4500 | ||
|---|---|---|---|
| 001 | WB3341-49 | ||
| 008 | 090401t1997 xxu||||| |||| 00| 0 eng d | ||
| 035 | _a(Sirsi) u81612 | ||
| 041 | _aeng | ||
| 245 | _aInsignia to buy Richard Ellis | ||
| 260 | _c1997 | ||
| 350 | _a0 | ||
| 490 |
_aFinancial Times _v20 October 1997, 20; 23 October 1997, 22(3) |
||
| 490 |
_aProperty Week _v61(4) 24 October 1997, 2 |
||
| 520 | _aUS commercial and residential real estate provider Insignia Financial is to buy the Richard Ellis Group, subject to the approval of its shareholders. The move reflects a growing trend of cross-border expansion. | ||
| 650 | _aHEALEY AND BAKER | ||
| 650 | _aINSIGNIA FINANCIAL | ||
| 650 | _aCBRE | ||
| 650 | _aSURVEYING FIRMS | ||
| 690 | _aMANAGEMENT-BUSINESS MANAGEMENT-PROFESSIONAL PRACTICE | ||
| 942 | _n0 | ||
| 948 | _c22/10/1997 | ||
| 999 |
_c51433 _d51433 |
||